000 00915nam0a22002411 4500
001 rc\922131
005 20250622043457.0
035 _a(NLR Aleph) 006096016
090 _a5208973
_c5208973
100 _a20041129d1982 |||y0rusy50 ca
101 0 _arus
102 _aRU
105 _aa |||||||||
200 1 _aЧего им не хватает?
_eСатир. рассказы. Юморески. Шутки-смешинки
_fВиталий Енеш
_g[Пер. с чуваш. А.И. Финько
_gХудож. В.И. Агеев]
210 _aЧебоксары
_cЧуваш. кн. изд-во
_d1982
215 _a208 с.
_cил.
_d17
300 _aВ вып. дан. авт.: Виталий Григорьевич Енеш
700 1 _aЕнеш
_bВ.Г.
_f1941-
_gВиталий Григорьевич
801 0 _aRU
_bNLR
_gpsbo
801 1 _aRU
_bELAR
_2rusmarc
852 _aNLR
_j82-2/2426
942 _cBOOK
980 _aNB